[Event "Lvov CC-ch Quarantine"]
[Site "Lvov"]
[Date "2020.06.28"]
[Round "8"]
[White "Diduh, Ihor"]
[Black "Tsybulyak, Lev"]
[Result "0-1"]
[WhiteElo "1933"]
[BlackElo "1672"]
[PlyCount "88"]
[EventDate "2020.06.20"]
[EventType "tourn"]
[EventRounds "9"]
[EventCountry "UKR"]
[SourceTitle "CBM 197 Extra"]
[Source "ChessBase"]
[SourceDate "2020.09.30"]
[SourceVersion "1"]
[SourceVersionDate "2020.09.30"]
[SourceQuality "1"]

1. f4 d5 2. Nf3 c5 3. e3 Nc6 4. b3 Bg4 5. h3 Bf5 6. Bb2 Nf6 7. Bb5 Qb6 8. Bxc6+ Qxc6 9. 0-0 Rd8 10. d3 Qb6 11. Qe1 Bc8 12. Qh4 g6 13. Nc3 Bg7 14. Na4 Qc6 15. Ne5 Qc7 16. Ng4 Bxg4 17. hxg4 0-0 18. Rae1 b5 19. Nc3 a6 20. Ne2 Qa5 21. Be5 Qd2 22. Ng3 Qxc2 23. g5 Ne8 24. Bxg7 Nxg7 25. f5 gxf5 26. Nh5 Nxh5 27. Qxh5 Rd6 28. Rf4 Qxd3 29. Rh4 f4 30. exf4 Qg6 31. Qg4 e6 32. Rh6 Qg7 33. f5 exf5 34. Qh4 Rg6 35. Rf1 Rxg5 36. Rxh7 Qxh7 37. Qxg5+ Qg6 38. Qf4 Rd8 39. Rf3 Qf6 40. Rg3+ Kf8 41. Qc7 d4 42. Qxc5+ Qd6 43. Qxd6+ Rxd6 44. Rg5 d3 0-1

[Event "Lvov CC-ch Quarantine"]
[Site "Lvov"]
[Date "2020.06.28"]
[Round "9"]
[White "Timushev, Alexander"]
[Black "Diduh, Ihor"]
[Result "1/2-1/2"]
[WhiteElo "2112"]
[BlackElo "1933"]
[PlyCount "32"]
[EventDate "2020.06.20"]
[EventType "tourn"]
[EventRounds "9"]
[EventCountry "UKR"]
[SourceTitle "CBM 197 Extra"]
[Source "ChessBase"]
[SourceDate "2020.09.30"]
[SourceVersion "1"]
[SourceVersionDate "2020.09.30"]
[SourceQuality "1"]

1. Nf3 Nf6 2. c4 c6 3. Nc3 d5 4. cxd5 cxd5 5. d4 Nc6 6. g3 Bf5 7. a3 e6 8. Bg2 Bd6 9. 0-0 0-0 10. Bg5 h6 11. Bxf6 Qxf6 12. Rc1 Rac8 13. Nb5 Bb8 14. e3 Bg4 15. h3 Bh5 16. g4 Bg6 1/2-1/2